000 00744nam a2200241Ia 4500
003 OSt
005 20220923221110.0
006 a|||||r|||| 00| 0
007 ta
008 220922b |||||||| |||| 00| 0 san d
024 _a195,128
037 _cTextual
040 _aARTS
_cARTS
_bsan
041 _2san
_asan
082 _a/\2:864, 15N8
100 _aवल्लभ, मुकुन्द
_9156279
245 0 _aफलित मार्तण्ड
246 _aFalit mārtaṇḍa
260 _aदिल्ली
_b मोतीलाल बनारसीदास
_c1998
300 _a418पृ.
_ccm.
942 _h/\2:864, 15N8
_cTEXL
_2CC
999 _c347371
_d347371